1234 1484 1464 1032 1200 1401 1188 1867 1411 1694 1479 1553 1881 1886 1250 1198 1097 1037 1503 1488 1829 1536 1083 1056 1273 1762 1076 1100 1229 1211 1067 1964 1092 1726 1070 1299 1103 1916 1237 1681 1723 1263 1757 1757 1350 1466 1378 1582 1431 1066 1522 1400 1201 1812 1288 1949 1936 1811 1576 1679 1535 1344 1576 1383 1235 1508 1815 1383 1223 1454 1687 1522 1615 1315 1900 1118 1139 1346 1389 1722 1178 1382 1136 1009 1960 1872 1867 1269 1727 1674 1578 1059 1254 1433 1134 1268 1383 1307 1415 BCNSPRNW ULIB Ver.6.0+V

เปลี่ยนเป็นภาษาไทย

Change to English
 แสดงรายละเอียดบรรณานุกรม
  กลับหน้าหลัก

Brief Record : Get Marc (ISO 2709) : E-mail record : QR code < ปิดหน้าต่าง
LEADER : 00000nam 2200000uu 4500
001    13399120759
003     ULIB
008    121015s2553||||th 000 0 tha d
020    ^a9789742128890
090    ^aรส.^bอ976ป
100 0  ^ajames M.Barrie
245 00 ^aปีเตอร์แพนแห่งแดนมหัศจรรย์/^cjames M.Barrie
250    ^aพิมพ์ครั้งที่ 1
260    ^aกรุงเทพฯ :^bซีเอ็ดยูเคชั่น,^c2553
300    ^a108 หน้า
710 1  ^aซีเอ็ดยูเคชั่น
945    ^p130^l0^i028960
995    ^aวิภา
999 ^a ใช้งานได้ทุกระบบ
รายการนี้ยังไม่มีแท็ก
คุณยังไม่ได้ล็อกอิน คุณสามารถมีกิจกรรมร่วมกับเว็บไซต์ได้ แต่ต้องล็อกอินก่อน ::
  ล็อกอิน

รายการสื่อสารสนเทศ

ลำดับที่ ประเภท เลขเรียก/บาร์โค้ด สถานที่ สถานะ
1. วิทยาศาสตร์การแพทย์ และสุขภาพ
วิทยาศาสตร์การแพทย์ และสุขภาพ
รส. อ976ป  
  Barcode: 028960
ห้องสมุดวิทยาเขตสวรรค์ประชารักษ์
►นวนิยาย
บนชั้น
  ขอยืม

BibComment


ยังไม่เคยถูกคอมเมนท์

คอมเมนท์ทรัพยากรรายการนี้
  คอมเมนท์: ปีเตอร์แพนแห่งแด..

สมาชิกที่บันทึกรายการนี้ไว้ในรายการโปรด
นางสาวนุชศรา พรมชัย

 Copyright 2026. Bcnsprnw @Library